2006 College Football AP Poll - Statistics

General Stats
  • This quiz has been taken 47 times
  • The average score is 319 of 400
Answer Stats
Week Rank Team W L Conference % Correct
Preseason 3 Texas 0 0 Big 12
100%
Week 1 (9/5) 2 Texas 1 0 Big 12
100%
Week 2 (9/10) 8 Texas 1 1 Big 12
100%
Week 3 (9/17) 7 Texas 2 1 Big 12
100%
Week 4 (9/24) 7 Texas 3 1 Big 12
100%
Week 5 (10/1) 7 Texas 4 1 Big 12
100%
Week 6 (10/8) 6 Texas 5 1 Big 12
100%
Week 7 (10/15) 5 Texas 6 1 Big 12
100%
Week 8 (10/22) 5 Texas 7 1 Big 12
100%
Week 9 (10/29) 4 Texas 8 1 Big 12
100%
Week 10 (11/5) 4 Texas 9 1 Big 12
100%
Week 11 (11/12) 11 Texas 9 2 Big 12
100%
Week 12 (11/19) 11 Texas 9 2 Big 12
100%
Week 13 (11/26) 17 Texas 9 3 Big 12
100%
Week 14 (12/3) 18 Texas 9 3 Big 12
100%
Postseason 13 Texas 10 3 Big 12
100%
Preseason 6 USC 0 0 Pacific-10
100%
Week 1 (9/5) 3 USC 1 0 Pacific-10
100%
Week 2 (9/10) 4 USC 1 0 Pacific-10
100%
Week 3 (9/17) 3 USC 2 0 Pacific-10
100%
Week 4 (9/24) 3 USC 3 0 Pacific-10
100%
Week 5 (10/1) 3 USC 4 0 Pacific-10
100%
Week 6 (10/8) 3 USC 5 0 Pacific-10
100%
Week 7 (10/15) 3 USC 6 0 Pacific-10
100%
Week 8 (10/22) 3 USC 6 0 Pacific-10
100%
Week 9 (10/29) 9 USC 6 1 Pacific-10
100%
Week 10 (11/5) 7 USC 7 1 Pacific-10
100%
Week 11 (11/12) 4 USC 8 1 Pacific-10
100%
Week 12 (11/19) 3 USC 9 1 Pacific-10
100%
Week 13 (11/26) 2 USC 10 1 Pacific-10
100%
Week 14 (12/3) 8 USC 10 2 Pacific-10
100%
Postseason 4 USC 11 2 Pacific-10
100%
Preseason 14 Michigan 0 0 Big Ten
96%
Week 1 (9/5) 10 Michigan 1 0 Big Ten
96%
Week 2 (9/10) 11 Michigan 2 0 Big Ten
96%
Week 3 (9/17) 6 Michigan 3 0 Big Ten
96%
Week 4 (9/24) 6 Michigan 4 0 Big Ten
96%
Week 5 (10/1) 6 Michigan 5 0 Big Ten
96%
Week 6 (10/8) 4 Michigan 6 0 Big Ten
96%
Week 7 (10/15) 2 Michigan 7 0 Big Ten
96%
Week 8 (10/22) 2 Michigan 8 0 Big Ten
96%
Week 9 (10/29) 2 Michigan 9 0 Big Ten
96%
Week 10 (11/5) 2 Michigan 10 0 Big Ten
96%
Week 11 (11/12) 2 Michigan 11 0 Big Ten
96%
Week 12 (11/19) 2 Michigan 11 1 Big Ten
96%
Week 13 (11/26) 3 Michigan 11 1 Big Ten
96%
Week 14 (12/3) 3 Michigan 11 1 Big Ten
96%
Postseason 8 Michigan 11 2 Big Ten
96%
Preseason 1 Ohio State 0 0 Big Ten
96%
Week 1 (9/5) 1 Ohio State 1 0 Big Ten
96%
Week 2 (9/10) 1 Ohio State 2 0 Big Ten
96%
Week 3 (9/17) 1 Ohio State 3 0 Big Ten
96%
Week 4 (9/24) 1 Ohio State 4 0 Big Ten
96%
Week 5 (10/1) 1 Ohio State 5 0 Big Ten
96%
Week 6 (10/8) 1 Ohio State 6 0 Big Ten
96%
Week 7 (10/15) 1 Ohio State 7 0 Big Ten
96%
Week 8 (10/22) 1 Ohio State 8 0 Big Ten
96%
Week 9 (10/29) 1 Ohio State 9 0 Big Ten
96%
Week 10 (11/5) 1 Ohio State 10 0 Big Ten
96%
Week 11 (11/12) 1 Ohio State 11 0 Big Ten
96%
Week 12 (11/19) 1 Ohio State 12 0 Big Ten
96%
Week 13 (11/26) 1 Ohio State 12 0 Big Ten
96%
Week 14 (12/3) 1 Ohio State 12 0 Big Ten
96%
Postseason 2 Ohio State 12 1 Big Ten
96%
Preseason 7 Florida 0 0 SEC
93%
Week 1 (9/5) 7 Florida 1 0 SEC
93%
Week 2 (9/10) 7 Florida 2 0 SEC
93%
Week 3 (9/17) 5 Florida 3 0 SEC
93%
Week 4 (9/24) 5 Florida 4 0 SEC
93%
Week 5 (10/1) 5 Florida 5 0 SEC
93%
Week 6 (10/8) 2 Florida 6 0 SEC
93%
Week 7 (10/15) 9 Florida 6 1 SEC
93%
Week 8 (10/22) 9 Florida 6 1 SEC
93%
Week 9 (10/29) 7 Florida 7 1 SEC
93%
Week 10 (11/5) 6 Florida 8 1 SEC
93%
Week 11 (11/12) 3 Florida 9 1 SEC
93%
Week 12 (11/19) 4 Florida 10 1 SEC
93%
Week 13 (11/26) 4 Florida 11 1 SEC
93%
Week 14 (12/3) 2 Florida 12 1 SEC
93%
Postseason 1 Florida 13 1 SEC
93%
Preseason 11 Florida State 0 0 ACC
93%
Week 1 (9/5) 9 Florida State 1 0 ACC
93%
Week 2 (9/10) 9 Florida State 2 0 ACC
93%
Week 3 (9/17) 18 Florida State 2 1 ACC
93%
Week 4 (9/24) 19 Florida State 3 1 ACC
93%
Week 5 (10/1) 17 Florida State 3 1 ACC
93%
Preseason 2 Notre Dame 0 0 Independent
93%
Week 1 (9/5) 4 Notre Dame 1 0 Independent
93%
Week 2 (9/10) 2 Notre Dame 2 0 Independent
93%
Week 3 (9/17) 12 Notre Dame 2 1 Independent
93%
Week 4 (9/24) 12 Notre Dame 3 1 Independent
93%
Week 5 (10/1) 12 Notre Dame 4 1 Independent
93%
Week 6 (10/8) 9 Notre Dame 5 1 Independent
93%
Week 7 (10/15) 10 Notre Dame 5 1 Independent
93%
Week 8 (10/22) 11 Notre Dame 6 1 Independent
93%
Week 9 (10/29) 11 Notre Dame 7 1 Independent
93%
Week 10 (11/5) 9 Notre Dame 8 1 Independent
93%
Week 11 (11/12) 6 Notre Dame 9 1 Independent
93%
Week 12 (11/19) 6 Notre Dame 10 1 Independent
93%
Week 13 (11/26) 12 Notre Dame 10 2 Independent
93%
Week 14 (12/3) 11 Notre Dame 10 2 Independent
93%
Postseason 17 Notre Dame 10 3 Independent
93%
Preseason 21 Oregon 0 0 Pacific-10
93%
Week 1 (9/5) 20 Oregon 1 0 Pacific-10
93%
Week 2 (9/10) 18 Oregon 2 0 Pacific-10
93%
Week 3 (9/17) 13 Oregon 3 0 Pacific-10
93%
Week 4 (9/24) 14 Oregon 3 0 Pacific-10
93%
Week 5 (10/1) 11 Oregon 4 0 Pacific-10
93%
Week 6 (10/8) 18 Oregon 5 1 Pacific-10
93%
Week 7 (10/15) 16 Oregon 5 1 Pacific-10
93%
Week 8 (10/22) 25 Oregon 5 2 Pacific-10
93%
Week 9 (10/29) 24 Oregon 6 2 Pacific-10
93%
Week 10 (11/5) 21 Oregon 7 2 Pacific-10
93%
Preseason 4 Auburn 0 0 SEC
89%
Week 1 (9/5) 4 Auburn 1 0 SEC
89%
Week 2 (9/10) 3 Auburn 2 0 SEC
89%
Week 3 (9/17) 2 Auburn 3 0 SEC
89%
Week 4 (9/24) 2 Auburn 4 0 SEC
89%
Week 5 (10/1) 2 Auburn 5 0 SEC
89%
Week 6 (10/8) 11 Auburn 5 1 SEC
89%
Week 7 (10/15) 8 Auburn 6 1 SEC
89%
Week 8 (10/22) 7 Auburn 7 1 SEC
89%
Week 9 (10/29) 6 Auburn 8 1 SEC
89%
Week 10 (11/5) 5 Auburn 9 1 SEC
89%
Week 11 (11/12) 15 Auburn 9 2 SEC
89%
Week 12 (11/19) 14 Auburn 10 2 SEC
89%
Week 13 (11/26) 11 Auburn 10 2 SEC
89%
Week 14 (12/3) 10 Auburn 10 2 SEC
89%
Postseason 9 Auburn 11 2 SEC
89%
Preseason 15 Georgia 0 0 SEC
89%
Week 1 (9/5) 12 Georgia 1 0 SEC
89%
Week 2 (9/10) 10 Georgia 2 0 SEC
89%
Week 3 (9/17) 9 Georgia 3 0 SEC
89%
Week 4 (9/24) 10 Georgia 4 0 SEC
89%
Week 5 (10/1) 10 Georgia 5 0 SEC
89%
Week 6 (10/8) 16 Georgia 5 1 SEC
89%
Postseason 23 Georgia 9 4 SEC
89%
Preseason 8 LSU 0 0 SEC
89%
Week 1 (9/5) 8 LSU 1 0 SEC
89%
Week 2 (9/10) 6 LSU 2 0 SEC
89%
Week 3 (9/17) 10 LSU 2 1 SEC
89%
Week 4 (9/24) 9 LSU 3 1 SEC
89%
Week 5 (10/1) 9 LSU 4 1 SEC
89%
Week 6 (10/8) 14 LSU 4 2 SEC
89%
Week 7 (10/15) 14 LSU 5 2 SEC
89%
Week 8 (10/22) 14 LSU 6 2 SEC
89%
Week 9 (10/29) 13 LSU 6 2 SEC
89%
Week 10 (11/5) 12 LSU 7 2 SEC
89%
Week 11 (11/12) 9 LSU 8 2 SEC
89%
Week 12 (11/19) 9 LSU 9 2 SEC
89%
Week 13 (11/26) 5 LSU 10 2 SEC
89%
Week 14 (12/3) 4 LSU 10 2 SEC
89%
Postseason 3 LSU 11 2 SEC
89%
Preseason 10 Oklahoma 0 0 Big 12
89%
Week 1 (9/5) 15 Oklahoma 1 0 Big 12
89%
Week 2 (9/10) 15 Oklahoma 2 0 Big 12
89%
Week 3 (9/17) 17 Oklahoma 2 1 Big 12
89%
Week 4 (9/24) 16 Oklahoma 3 1 Big 12
89%
Week 5 (10/1) 14 Oklahoma 3 1 Big 12
89%
Week 6 (10/8) 23 Oklahoma 3 2 Big 12
89%
Week 7 (10/15) 20 Oklahoma 4 2 Big 12
89%
Week 8 (10/22) 19 Oklahoma 5 2 Big 12
89%
Week 9 (10/29) 18 Oklahoma 6 2 Big 12
89%
Week 10 (11/5) 17 Oklahoma 7 2 Big 12
89%
Week 11 (11/12) 16 Oklahoma 8 2 Big 12
89%
Week 12 (11/19) 13 Oklahoma 9 2 Big 12
89%
Week 13 (11/26) 8 Oklahoma 10 2 Big 12
89%
Week 14 (12/3) 7 Oklahoma 11 2 Big 12
89%
Postseason 11 Oklahoma 11 3 Big 12
89%
Preseason 23 Tennessee 0 0 SEC
86%
Week 1 (9/5) 11 Tennessee 1 0 SEC
86%
Week 2 (9/10) 13 Tennessee 2 0 SEC
86%
Week 3 (9/17) 15 Tennessee 2 1 SEC
86%
Week 4 (9/24) 15 Tennessee 3 1 SEC
86%
Week 5 (10/1) 13 Tennessee 4 1 SEC
86%
Week 6 (10/8) 8 Tennessee 5 1 SEC
86%
Week 7 (10/15) 7 Tennessee 5 1 SEC
86%
Week 8 (10/22) 8 Tennessee 6 1 SEC
86%
Week 9 (10/29) 8 Tennessee 7 1 SEC
86%
Week 10 (11/5) 13 Tennessee 7 2 SEC
86%
Week 11 (11/12) 22 Tennessee 7 3 SEC
86%
Week 12 (11/19) 19 Tennessee 8 3 SEC
86%
Week 13 (11/26) 17 Tennessee 9 3 SEC
86%
Week 14 (12/3) 17 Tennessee 9 3 SEC
86%
Postseason 25 Tennessee 9 4 SEC
86%
Preseason 18 Clemson 0 0 ACC
82%
Week 1 (9/5) 18 Clemson 1 0 ACC
82%
Week 3 (9/17) 19 Clemson 2 1 ACC
82%
Week 4 (9/24) 18 Clemson 3 1 ACC
82%
Week 5 (10/1) 15 Clemson 4 1 ACC
82%
Week 6 (10/8) 12 Clemson 5 1 ACC
82%
Week 7 (10/15) 12 Clemson 6 1 ACC
82%
Week 8 (10/22) 10 Clemson 7 1 ACC
82%
Week 9 (10/29) 19 Clemson 7 2 ACC
82%
Week 11 (11/12) 25 Clemson 8 3 ACC
82%
Week 12 (11/19) 24 Clemson 8 3 ACC
82%
Preseason 12 Miami 0 0 ACC
82%
Week 1 (9/5) 17 Miami 0 1 ACC
82%
Week 2 (9/10) 17 Miami 1 1 ACC
82%
Preseason 19 Penn State 0 0 Big Ten
82%
Week 1 (9/5) 19 Penn State 1 0 Big Ten
82%
Week 2 (9/10) 25 Penn State 1 1 Big Ten
82%
Week 3 (9/17) 24 Penn State 2 1 Big Ten
82%
Postseason 24 Penn State 9 4 Big Ten
82%
Week 7 (10/15) 23 Texas A&M 6 1 Big 12
82%
Week 8 (10/22) 22 Texas A&M 7 1 Big 12
82%
Week 9 (10/29) 21 Texas A&M 8 1 Big 12
82%
Week 10 (11/5) 24 Texas A&M 8 2 Big 12
82%
Week 13 (11/26) 22 Texas A&M 9 3 Big 12
82%
Week 14 (12/3) 21 Texas A&M 9 3 Big 12
82%
Preseason 17 Virginia Tech 0 0 ACC
82%
Week 1 (9/5) 16 Virginia Tech 1 0 ACC
82%
Week 2 (9/10) 14 Virginia Tech 2 0 ACC
82%
Week 3 (9/17) 11 Virginia Tech 3 0 ACC
82%
Week 4 (9/24) 11 Virginia Tech 4 0 ACC
82%
Week 5 (10/1) 21 Virginia Tech 4 1 ACC
82%
Week 6 (10/8) 22 Virginia Tech 4 1 ACC
82%
Week 9 (10/29) 23 Virginia Tech 6 2 Big East
82%
Week 10 (11/5) 20 Virginia Tech 7 2 ACC
82%
Week 11 (11/12) 19 Virginia Tech 8 2 ACC
82%
Week 12 (11/19) 17 Virginia Tech 9 2 ACC
82%
Week 13 (11/26) 14 Virginia Tech 10 2 ACC
82%
Week 14 (12/3) 14 Virginia Tech 10 2 ACC
82%
Postseason 19 Virginia Tech 10 3 ACC
82%
Preseason 24 Arizona State 0 0 Pacific-10
79%
Week 1 (9/5) 25 Arizona State 1 0 Pacific-10
79%
Week 2 (9/10) 22 Arizona State 2 0 Pacific-10
79%
Week 3 (9/17) 22 Arizona State 3 0 Pacific-10
79%
Preseason 9 California 0 0 Pacific-10
79%
Week 1 (9/5) 22 California 0 1 Pacific-10
79%
Week 2 (9/10) 21 California 1 1 Pacific-10
79%
Week 3 (9/17) 21 California 2 1 Pacific-10
79%
Week 4 (9/24) 20 California 3 1 Pacific-10
79%
Week 5 (10/1) 16 California 4 1 Pacific-10
79%
Week 6 (10/8) 10 California 5 1 Pacific-10
79%
Week 7 (10/15) 11 California 6 1 Pacific-10
79%
Week 8 (10/22) 12 California 7 1 Pacific-10
79%
Week 9 (10/29) 10 California 7 1 Pacific-10
79%
Week 10 (11/5) 8 California 8 1 Pacific-10
79%
Week 11 (11/12) 17 California 8 2 Pacific-10
79%
Week 12 (11/19) 22 California 8 3 Pacific-10
79%
Week 13 (11/26) 21 California 8 3 Pacific-10
79%
Week 14 (12/3) 20 California 9 3 Pacific-10
79%
Postseason 14 California 10 3 Pacific-10
79%
Week 14 (12/3) 24 Oregon State 9 4 Pacific-10
79%
Postseason 21 Oregon State 10 4 Pacific-10
79%
Preseason 13 Louisville 0 0 Big East
75%
Week 1 (9/5) 13 Louisville 1 0 Big East
75%
Week 2 (9/10) 12 Louisville 2 0 Big East
75%
Week 3 (9/17) 8 Louisville 3 0 Big East
75%
Week 4 (9/24) 8 Louisville 4 0 Big East
75%
Week 5 (10/1) 8 Louisville 4 0 Big East
75%
Week 6 (10/8) 7 Louisville 5 0 Big East
75%
Week 7 (10/15) 6 Louisville 6 0 Big East
75%
Week 8 (10/22) 6 Louisville 7 0 Big East
75%
Week 9 (10/29) 5 Louisville 7 0 Big East
75%
Week 10 (11/5) 3 Louisville 8 0 Big East
75%
Week 11 (11/12) 10 Louisville 8 1 Big East
75%
Week 12 (11/19) 8 Louisville 9 1 Big East
75%
Week 13 (11/26) 6 Louisville 10 1 Big East
75%
Week 14 (12/3) 5 Louisville 11 1 Big East
75%
Postseason 6 Louisville 12 1 Big East
75%
Preseason 5 West Virginia 0 0 Big East
75%
Week 1 (9/5) 6 West Virginia 1 0 Big East
75%
Week 2 (9/10) 5 West Virginia 2 0 Big East
75%
Week 3 (9/17) 4 West Virginia 3 0 Big East
75%
Week 4 (9/24) 4 West Virginia 4 0 Big East
75%
Week 5 (10/1) 4 West Virginia 5 0 Big East
75%
Week 6 (10/8) 5 West Virginia 5 0 Big East
75%
Week 7 (10/15) 4 West Virginia 6 0 Big East
75%
Week 8 (10/22) 4 West Virginia 7 0 Big East
75%
Week 9 (10/29) 3 West Virginia 7 0 Big East
75%
Week 10 (11/5) 10 West Virginia 7 1 Big East
75%
Week 11 (11/12) 8 West Virginia 8 1 Big East
75%
Week 12 (11/19) 7 West Virginia 9 1 Big East
75%
Week 13 (11/26) 15 West Virginia 9 2 Big East
75%
Week 14 (12/3) 13 West Virginia 10 2 Big East
75%
Postseason 10 West Virginia 11 2 Big East
75%
Week 6 (10/8) 25 Wisconsin 5 1 Big Ten
75%
Week 7 (10/15) 21 Wisconsin 6 1 Big Ten
75%
Week 8 (10/22) 17 Wisconsin 7 1 Big Ten
75%
Week 9 (10/29) 17 Wisconsin 8 1 Big Ten
75%
Week 10 (11/5) 16 Wisconsin 9 1 Big Ten
75%
Week 11 (11/12) 12 Wisconsin 10 1 Big Ten
75%
Week 12 (11/19) 10 Wisconsin 11 1 Big Ten
75%
Week 13 (11/26) 7 Wisconsin 11 1 Big Ten
75%
Week 14 (12/3) 6 Wisconsin 11 1 Big Ten
75%
Postseason 7 Wisconsin 12 1 Big Ten
75%
Week 3 (9/17) 25 Boise State 3 0 WAC
68%
Week 4 (9/24) 22 Boise State 4 0 WAC
68%
Week 5 (10/1) 20 Boise State 5 0 WAC
68%
Week 6 (10/8) 20 Boise State 6 0 WAC
68%
Week 7 (10/15) 18 Boise State 6 0 WAC
68%
Week 8 (10/22) 15 Boise State 8 0 WAC
68%
Week 9 (10/29) 14 Boise State 8 0 WAC
68%
Week 10 (11/5) 14 Boise State 9 0 WAC
68%
Week 11 (11/12) 13 Boise State 10 0 WAC
68%
Week 12 (11/19) 12 Boise State 11 0 WAC
68%
Week 13 (11/26) 10 Boise State 12 0 WAC
68%
Week 14 (12/3) 9 Boise State 12 0 WAC
68%
Postseason 5 Boise State 13 0 WAC
68%
Preseason 16 Iowa 0 0 Big Ten
68%
Week 1 (9/5) 14 Iowa 1 0 Big Ten
68%
Week 2 (9/10) 16 Iowa 2 0 Big Ten
68%
Week 3 (9/17) 14 Iowa 3 0 Big Ten
68%
Week 4 (9/24) 13 Iowa 4 0 Big Ten
68%
Week 5 (10/1) 19 Iowa 4 1 Big Ten
68%
Week 6 (10/8) 15 Iowa 5 1 Big Ten
68%
Preseason 20 Nebraska 0 0 Big 12
68%
Week 1 (9/5) 21 Nebraska 1 0 Big 12
68%
Week 2 (9/10) 19 Nebraska 2 0 Big 12
68%
Week 3 (9/17) 23 Nebraska 2 1 Big 12
68%
Week 4 (9/24) 21 Nebraska 3 1 Big 12
68%
Week 5 (10/1) 22 Nebraska 4 1 Big 12
68%
Week 6 (10/8) 21 Nebraska 5 1 Big 12
68%
Week 7 (10/15) 17 Nebraska 6 1 Big 12
68%
Week 8 (10/22) 20 Nebraska 6 2 Big 12
68%
Week 11 (11/12) 24 Nebraska 8 3 Big 12
68%
Week 12 (11/19) 23 Nebraska 8 3 Big 12
68%
Week 13 (11/26) 19 Nebraska 9 3 Big 12
68%
Week 14 (12/3) 22 Nebraska 9 4 Big 12
68%
Preseason 25 Texas Tech 0 0 Big 12
68%
Week 1 (9/5) 24 Texas Tech 1 0 Big 12
68%
Week 2 (9/10) 24 Texas Tech 2 0 Big 12
68%
Week 9 (10/29) 25 Washington State 6 3 Pacific-10
68%
Week 6 (10/8) 17 Arkansas 4 1 SEC
64%
Week 7 (10/15) 15 Arkansas 5 1 SEC
64%
Week 8 (10/22) 13 Arkansas 6 1 SEC
64%
Week 9 (10/29) 12 Arkansas 7 1 SEC
64%
Week 10 (11/5) 11 Arkansas 8 1 SEC
64%
Week 11 (11/12) 5 Arkansas 9 1 SEC
64%
Week 12 (11/19) 5 Arkansas 10 1 SEC
64%
Week 13 (11/26) 8 Arkansas 10 2 SEC
64%
Week 14 (12/3) 12 Arkansas 10 3 SEC
64%
Postseason 15 Arkansas 10 4 SEC
64%
Preseason 22 TCU 0 0 Mountain West
64%
Week 1 (9/5) 23 TCU 1 0 Mountain West
64%
Week 2 (9/10) 20 TCU 2 0 Mountain West
64%
Week 3 (9/17) 16 TCU 3 0 Mountain West
64%
Week 4 (9/24) 17 TCU 3 0 Mountain West
64%
Week 14 (12/3) 25 TCU 10 2 Mountain West
64%
Postseason 22 TCU 11 2 Mountain West
64%
Week 4 (9/24) 23 Rutgers 4 0 Big East
61%
Week 5 (10/1) 24 Rutgers 5 0 Big East
61%
Week 6 (10/8) 24 Rutgers 5 0 Big East
61%
Week 7 (10/15) 19 Rutgers 6 0 Big East
61%
Week 8 (10/22) 16 Rutgers 7 0 Big East
61%
Week 9 (10/29) 15 Rutgers 8 0 Big East
61%
Week 10 (11/5) 15 Rutgers 8 0 Big East
61%
Week 11 (11/12) 7 Rutgers 9 0 Big East
61%
Week 12 (11/19) 15 Rutgers 9 1 Big East
61%
Week 13 (11/26) 13 Rutgers 10 1 Big East
61%
Week 14 (12/3) 16 Rutgers 10 2 Big East
61%
Postseason 12 Rutgers 11 2 Big East
61%
Week 7 (10/15) 25 Wake Forest 6 1 ACC
57%
Week 8 (10/22) 24 Wake Forest 6 1 ACC
57%
Week 9 (10/29) 22 Wake Forest 7 1 ACC
57%
Week 10 (11/5) 18 Wake Forest 8 1 ACC
57%
Week 11 (11/12) 14 Wake Forest 9 1 ACC
57%
Week 12 (11/19) 20 Wake Forest 9 2 ACC
57%
Week 13 (11/26) 16 Wake Forest 10 2 ACC
57%
Week 14 (12/3) 15 Wake Forest 11 2 ACC
57%
Postseason 18 Wake Forest 11 3 ACC
57%
Week 4 (9/24) 24 Georgia Tech 3 1 ACC
54%
Week 5 (10/1) 18 Georgia Tech 4 1 ACC
54%
Week 6 (10/8) 13 Georgia Tech 5 1 ACC
54%
Week 7 (10/15) 13 Georgia Tech 5 1 ACC
54%
Week 8 (10/22) 21 Georgia Tech 5 2 ACC
54%
Week 9 (10/29) 20 Georgia Tech 6 2 ACC
54%
Week 10 (11/5) 19 Georgia Tech 7 2 ACC
54%
Week 11 (11/12) 18 Georgia Tech 8 2 ACC
54%
Week 12 (11/19) 16 Georgia Tech 9 2 ACC
54%
Week 13 (11/26) 23 Georgia Tech 9 3 ACC
54%
Week 10 (11/5) 23 Maryland 7 2 ACC
54%
Week 11 (11/12) 21 Maryland 8 2 ACC
54%
Week 4 (9/24) 25 Missouri 4 0 Big 12
54%
Week 5 (10/1) 23 Missouri 5 0 Big 12
54%
Week 6 (10/8) 19 Missouri 6 0 Big 12
54%
Week 7 (10/15) 24 Missouri 6 1 Big 12
54%
Week 8 (10/22) 23 Missouri 7 1 Big 12
54%
Week 10 (11/5) 25 BYU 7 2 Mountain West
50%
Week 11 (11/12) 23 BYU 8 2 Mountain West
50%
Week 12 (11/19) 21 BYU 9 2 Mountain West
50%
Week 13 (11/26) 20 BYU 10 2 Mountain West
50%
Week 14 (12/3) 19 BYU 10 2 Mountain West
50%
Postseason 16 BYU 11 2 Mountain West
50%
Week 2 (9/10) 23 Boston College 2 0 ACC
46%
Week 3 (9/17) 20 Boston College 3 0 ACC
46%
Week 5 (10/1) 25 Boston College 4 1 ACC
46%
Week 7 (10/15) 22 Boston College 5 1 ACC
46%
Week 8 (10/22) 18 Boston College 6 1 ACC
46%
Week 9 (10/29) 16 Boston College 7 1 ACC
46%
Week 10 (11/5) 22 Boston College 7 2 ACC
46%
Week 11 (11/12) 20 Boston College 8 2 ACC
46%
Week 12 (11/19) 18 Boston College 9 2 ACC
46%
Week 13 (11/26) 25 Boston College 9 3 ACC
46%
Week 14 (12/3) 23 Boston College 9 3 ACC
46%
Postseason 20 Boston College 10 3 ACC
46%
Week 12 (11/19) 25 Hawai'i 9 2 WAC
14%
Week 13 (11/26) 24 Hawai'i 10 2 WAC
14%
No matching quizzes found
Score Distribution
Percent of People with Each Score
Percentile by Number Answered
Your Score History
You have not taken this quiz